000 00403cam a22001217a 4500
008 180718b1967 xxu||||| |||| 00| 0 eng d
082 _aA81x54 In2/61/Vol 9/Pt 6-28
100 _aCensus of India 1961
245 _aMadras: village survey monographs, Sunnambukulam
260 _aDelhi
_bThe Manager of Publications
_c1967
300 _a126+p.
440 _aCensus of India 1961. Volume IX, Madras. Part VI-28
999 _c484244
_d484244